Prace Instytutu cybernetyki ekonomicznej 5

Salvato in:
Dettagli Bibliografici
Natura: Libro
Lingua:polacco
Pubblicazione: Poznan Akademia Ekon. 1989
Edizione:1. wyd.
Serie:Zeszyty naukowe Zeszyty 146
Tags: Aggiungi Tag
Nessun Tag, puoi essere il primo ad aggiungerne!!

MARC

LEADER 00000nam a2200000 4500
001 c040352
005 20250609122348.8
041 0 |a pol 
044 |a PL 
245 1 0 |a Prace Instytutu cybernetyki ekonomicznej 5 
250 |a 1. wyd. 
264 1 |a Poznan  |b Akademia Ekon.  |c 1989 
300 |a 134 s. 
490 1 |a Zeszyty naukowe  |v Zeszyty 146 
830 0 |a Zeszyty naukowe  |v Zeszyty 146